• AIU
  • Tony Wilmot Memorial Library

When lion could fly : (Record no. 63940)

MARC details
000 -LEADER
fixed length control field 01130pam a2200313 a 4500
001 - CONTROL NUMBER
control field 2523537
003 - CONTROL NUMBER IDENTIFIER
control field OSt
005 - DATE AND TIME OF LATEST TRANSACTION
control field 20190219095631.0
008 - FIXED-LENGTH DATA ELEMENTS--GENERAL INFORMATION
fixed length control field 930203s1993 nyuab j b 000 0 eng
010 ## - LIBRARY OF CONGRESS CONTROL NUMBER
LC control number 93021841
020 ## - INTERNATIONAL STANDARD BOOK NUMBER
International Standard Book Number 0812063449 (hardcover) :
Terms of availability $13.95 ($17.50 Can.)
020 ## - INTERNATIONAL STANDARD BOOK NUMBER
International Standard Book Number 0812016254 (pbk.) :
Terms of availability $8.95 ($10.95 Can.)
040 ## - CATALOGING SOURCE
Original cataloging agency DLC
Transcribing agency DLC
Modifying agency DLC
042 ## - AUTHENTICATION CODE
Authentication code lcac
043 ## - GEOGRAPHIC AREA CODE
Geographic area code f------
050 00 - LIBRARY OF CONGRESS CALL NUMBER
Classification number GR350
Item number .G73 1993
082 00 - DEWEY DECIMAL CLASSIFICATION NUMBER
Classification number 398.24/5/096
Edition number 20
100 1# - MAIN ENTRY--PERSONAL NAME
Personal name Greaves, Nick.
9 (RLIN) 48487
245 10 - TITLE STATEMENT
Title When lion could fly :
Remainder of title and other tales from Africa /
Statement of responsibility, etc told by Nick Greaves ; illustrated by Rod Clement.
260 ## - PUBLICATION, DISTRIBUTION, ETC. (IMPRINT)
Place of publication, distribution, etc Hauppauge, N.Y. :
Name of publisher, distributor, etc Barron's,
Date of publication, distribution, etc 1993.
300 ## - PHYSICAL DESCRIPTION
Extent 144 p. :
Other physical details ill. (some col.), col. maps ;
Dimensions 23 cm.
500 ## - GENERAL NOTE
General note [Africana]
650 #0 - SUBJECT ADDED ENTRY--TOPICAL TERM
Topical term or geographic name as entry element Animals
Geographic subdivision Africa
General subdivision Folklore.
9 (RLIN) 48503
650 #0 - SUBJECT ADDED ENTRY--TOPICAL TERM
Topical term or geographic name as entry element Tales
Geographic subdivision Africa.
General subdivision Africa.
9 (RLIN) 48504
700 1# - ADDED ENTRY--PERSONAL NAME
Personal name Clement, Rod,
Dates associated with a name 1961-
Relator term illustrator.
9 (RLIN) 48505
906 ## - LOCAL DATA ELEMENT F, LDF (RLIN)
a 7
b cbc
c orignew
d 1
e ocip
f 19
g y-gencatlg
942 ## - ADDED ENTRY ELEMENTS (KOHA)
Koha item type Africana collection (General)
Holdings
Withdrawn status Lost status Source of classification or shelving scheme Damaged status Not for loan Collection code Home library Current library Shelving location Date acquired Source of acquisition Cost, normal purchase price Total Checkouts Full call number Barcode Date last seen Copy number Price effective from Koha item type
    Library of Congress Classification     General Circulation AIU/NEGST - Tony Wilmot Memorial Library AIU/NEGST - Tony Wilmot Memorial Library General Stacks 06/21/2016 Donation- SIL Sudan 30.00   GR 350.G73 1993 T00229W3232 09/02/2019 1 10/12/2018 Books